000 00234nam a22000857a 4500
008 160811b xxu||||| |||| 00| 0 eng d
100 _9109
_aDewan V
245 _aEmpowering Mathematics-X
_bTerm-II
260 _aNew Delhi
_bPPC publication
_c2010
999 _c2763
_d2763